Statistics for 5 Biggest Cities in every State in The United States

Click here to take the quiz!

General Stats

  • This quiz has been taken 90 times
    (63 since last reset)
  • The average score is 123 of 251

Answer Stats

CityPopulation% Correct
Atlanta463,878
90%
Chicago2,720,546
90%
Denver682,54
90%
Jackson170,674
90%
Jacksonville868,031
90%
Los Angeles3,971,883
90%
Miami441,003
90%
San Diego1,394,928
90%
Dallas1,300,092
88%
New Orleans389,617
88%
New York8,175,133
88%
Orlando270,934
88%
Phoenix1,563,025
88%
San Antonio1,469,845
88%
San Jose1,026,908
88%
Charlotte827,097
86%
Honolulu371,657
86%
Houston2,296,224
86%
Las Vegas623,747
86%
Nashville530,852
86%
North Las Vegas234,807
86%
Pittsburgh304,391
86%
San Francisco864,816
86%
Tampa369,075
86%
Anchorage298,695
84%
Boston667,137
84%
Colorado Springs456,568
84%
Columbus200,579 | 850,106
84%
Detroit677,116
84%
Kansas City151,306 | 475,378
84%
Minneapolis410,939
84%
Oklahoma City631,346
84%
Salt Lake City192,672
84%
Austin931,830
82%
Boise145,987
82%
Juneau32,756
82%
Louisville243,639
82%
Memphis655,770
82%
Philadelphia1,567,442
82%
Portland632,309 | 66,881
82%
Seattle684,451
82%
South Portland25,556
82%
St Louis315,685
82%
Baton Rouge228,590
80%
Birmingham212,461
80%
Buffalo261,025
80%
Cleveland388,072
80%
Indianapolis829,718
80%
Milwaukee600,155
80%
Baltimore621,849
78%
Fort Worth833,319
78%
Little Rock197,992
78%
Raleigh451,066
78%
Washington D.C.681,170
78%
Hartford124,006
76%
Omaha443,885
76%
Springfield166,810
76%
Tucson531,641
76%
Albuquerque559,121
73%
Cincinnati296,943
73%
East Providence47,408
73%
Jersey City264,290
73%
Montgomery200,602
73%
Newark281,944 | 33,817
73%
Providence179,207
73%
Saint Paul285,068
73%
Des Moines210,330
71%
Fairbanks32,325
71%
Madison248,951
71%
Virginia Beach452,745
71%
Wichita389,965
71%
Winston-Salem241,218
71%
Lexington-Fayette314,488
69%
Reno241,445
69%
Santa Fe84,099
69%
Tulsa403,505
69%
Charleston132,609 | 49,736
67%
Cheyenne63,335
67%
Columbia119,108 | 133,803 | 99,615
67%
Mobile194,288
67%
North Charleston108,304
67%
Salem164,549
67%
Topeka127,265
67%
Dover37,522
65%
Fresno520,052
65%
Richmond220,289
65%
Lincoln277,348
63%
Mesa471,825
63%
Aurora200,661 | 359,407
59%
Bismarck71,167
59%
New Haven130,322
59%
Spokane213,272
59%
St. Petersburg257,083
59%
Toledo279,789
59%
Fargo118,523
57%
Fort Wayne260,326
57%
Knoxville185,291
57%
Sioux Falls171,544
57%
West Fargo33,597
57%
Durham257,636
55%
Norfolk246,393
55%
Arlington207,627
53%
Billings110,263
53%
Eugene163,460
53%
Grand Rapids195,097
53%
Provo115,264
53%
Savannah145,674
53%
Tacoma207,948
53%
Akron197,542
51%
Greensboro285,342
51%
Syracuse145,151
51%
Athens116,714
49%
Chattanooga176,588
49%
East Chattanooga154,024
49%
Green Bay105,207
49%
Rochester112,225 | 210,855
49%
Wilmington71,948
49%
Concord42,620
47%
East Concord42,605
47%
Bridgeport147,629
45%
Huntsville190,582
45%
Manchester110,229
45%
Sioux City82,821
45%
Bangor32,391
43%
Cedar Rapids130,405
43%
Duluth86,110
43%
Henderson285,667
43%
Yonkers197,399
43%
Ann Arbor117,070
41%
Erie99,475
41%
Fayetteville82,830
41%
Fort Smith88,194
41%
Hilo43,263
41%
Las Cruces101,643
41%
Lexington225,366
41%
Tuscaloosa98,332
41%
Vancouver172,860
41%
Worcester184,815
41%
Burlington42,452
39%
Cambridge110,402
39%
Iowa City74,220
39%
Missoula71,022
39%
South Burlington18,791
39%
Allentown120,207
37%
Davenport102,582
37%
Fort Collins161,175
37%
Idaho Falls59,184
37%
Rockford148,278
37%
Casper60,285
35%
Chandler260,828
35%
Elizabeth129,007
35%
Evansville119,943
35%
Joliet147,861
35%
Norman120,284
35%
Overland Park186,515
35%
South Bend101,516
35%
Bloomington86,435
33%
Broken Arrow106,563
33%
Naperville147,100
33%
Rapid City73,569
33%
Bozeman43,405
31%
Great Falls59,638
31%
Independence117,255
31%
Nashua87,970
31%
Orem94,457
31%
Gulfport71,856
29%
Jonesboro73,907
29%
Morgantown30,708
29%
Pocatello54,441
29%
West Gulfport71,329
29%
Bellevue139,820 | 55,510
27%
Butte34,190
27%
Chesapeake235,429
27%
Frederick69,479
27%
Gilbert247,542
27%
Nampa89,839
27%
Pearl City47,698
27%
Sterling Heights132,052
27%
Wheeling27,648
27%
Hillsboro102,347
24%
Kenosha99,858
24%
Meridian90,739
24%
Olathe134,305
24%
Paterson147,754
24%
Racine77,742
24%
Reading87,879
24%
Rio Rancho94,171
24%
Stamford128,874
24%
Warren134,056
24%
Aberdeen28,102
22%
Carmel88,713
22%
Grand Forks57,011
22%
Grand Island51,440
22%
Lakewood152,597
22%
West Valley City136,208
22%
Gresham110,553
20%
Huntington48,638
20%
Laramie32,158
20%
Springfield154,341
20%
Hattiesburg46,805
18%
Lawton96,655
18%
Lewiston36,202
18%
Lowell110,699
18%
Minot49,450
18%
West Jordan111,946
18%
Cranston81,073
16%
Kailua38,635
16%
Parkersburg30,991
16%
Pawtucket71,591
16%
Silver Spring71,452
16%
Warwick81,699
16%
East Honolulu49,914
14%
Gillette32,649
14%
Kearney33,021
14%
Paradise223,167
14%
Rock Springs23,962
14%
Sandy Springs105,330
14%
Springdale77,859
14%
Edison102,548
12%
Rock Hill71,548
12%
Watertown22,073
12%
Brookings23,657
10%
Essex Junction10,111
10%
Colchester16,986
8%
Rutland15,824
8%
Southaven52,589
8%
Germantown86,395
6%
Middletown20,372
6%
Mt. Pleasant81,317
6%
Badger19,482
4%
Derry Village34,539
2%
Metairie138,481
2%
Metairie Terrace142,489
2%
Bear19,371
0%
Eagle River24,793
0%
Enchanted Hills87,521
0%
Ironville288,649
0%
Meads288,649
0%
North Stamford121,230
0%
Shrevenport197,204
0%
West Scarborough27,706
0%

Score Distribution

Percentile by Number Answered

Percent of People with Each Score

Your Score History

You have not taken this quiz since the last reset